00367nam a2200133Ia 4500008004100000020001500041041001200056082001600068100001700084245008300101260002500184300000800209650001600217221030s9999 xx 000 0 und d a0070531013 aEnglish a105.23bGus aD. Gustafson 0aSchaum`s Outline of Theory & Problems of Software Engineeringcby D. Gustafson bTMHaNew Delhic2006 a614 aBE Computer